Por qué algunos pensadores positivos obtienen resultados poderosos
Сохранить в:
| Главный автор: | |
|---|---|
| Формат: | |
| Язык: | испанский |
| Опубликовано: |
Bogotá
Norma
1987
|
| Серии: | Superación personal
|
| Предметы: | |
| Метки: |
Добавить метку
Нет меток, Требуется 1-ая метка записи!
|
MARC
| LEADER | 00000nam a2200000 a 4500 | ||
|---|---|---|---|
| 001 | UCW5803 | ||
| 003 | CL-VaPUC | ||
| 008 | 910809e19870000CK |||||||||||||||||spa|d | ||
| 082 | 0 | 4 | |a 158.1 |b PEA |2 21 |
| 100 | |a Peale, Norman Vincent |e autor |9 310817 | ||
| 245 | 1 | 0 | |a Por qué algunos pensadores positivos obtienen resultados poderosos |
| 300 | |a 232 p | ||
| 942 | |c BK | ||
| 945 | |d 19910809 00:00:00 | ||
| 260 | |a Bogotá |b Norma |c 1987 | ||
| 650 | 7 | |a EXITO |2 CL-VaPUC |9 310745 | |
| 650 | 7 | |a CONDUCTA ETICA |2 CL-VaPUC |9 256932 | |
| 650 | 7 | |a PENSAMIENTO CREATIVO EDUCACION |2 CL-VaPUC |9 307611 | |
| 583 | |a last modification |c 19910809 00:00:00 |k Rodrigo Vera | ||
| 490 | 0 | |a Superación personal | |
| 999 | |c 219124 |d 219122 | ||
| 952 | |0 0 |1 0 |4 0 |6 158_100000000000000_PEA_1987 |7 0 |8 A |9 209666 |a BIBEDU |b BIBEDU |d 2019-11-15 |i 2775565 |l 2 |m 1 |o 158.1 PEA 1987 |p 2775565 |r 2023-06-29 |s 2023-06-09 |w 2019-11-15 |y BK |k EDU | ||
| 952 | |0 0 |1 0 |4 0 |6 158_100000000000000_PEA_1987 |7 0 |8 A |9 209667 |a BIBEDU |b BIBEDU |d 2019-11-15 |i 331152K |l 1 |o 158.1 PEA 1987 |p 331152K |r 2023-07-06 |s 2023-07-06 |w 2019-11-15 |y BK |k EDU | ||